000 00657nam a2200181 a 4500
003 0
005 20250219144439.0
008 110621s19uu xx 00 eng d
050 _aPHS SB 348.S6
_b.M69 2011
100 _aMizukoshi, Kenan Paez.
245 _aThe effects of water strained environments on the growth of eggplants /
_cKenan Paez Mizukoshi.
260 _aLas PiƱas City, Philippines :
_bSouthville International School and Colleges,
_c2011.
300 _a17 pages :
_billustrations ;
_c28 cm.
504 _aIncludes bibliographical references.
650 _aEggplant
_xGrowth.
650 _aWater stress (Plant physiology).
942 _2lcc
_cPASS
999 _c98591
_d98591